000
00276nam a22001097a 4500
008
230626b xxu||||| |||| 00| 0 eng d
082
_a
337.036
_b
MWA 2001
245
_a
COMESA
_b
Regional Intergration Research Network
260
_b
COMESA
_c
2001
300
_a
36p
942
_2
ddc
_c
BK
999
_c
2764
_d
2764